[Event "17th Tilburg Interpolis it"]
[Site "Tilburg NED"]
[Date "1993.??.??"]
[Round "1.3"]
[White "Razuvaev, Yuri"]
[Black "Serper, Grigory"]
[Result "1/2-1/2"]
[WhiteElo "2560"]
[BlackElo "2575"]
[EventDate "1993.11.13"]
[PlyCount "73"]

1. d4 d5 2. c4 c6 3. Nf3 Nf6 4. Nc3 e6 5. g3 dxc4 6. a4 c5 7. dxc5 Qxd1+ 8.
Nxd1 Bxc5 9. Ne5 Ne4 10. Nxc4 Bb4+ 11. Nd2 Nc6 12. Bg2 Nc5 13. Nc3 Nd4 14. Rb1
Bd7 15. e3 Bc6 16. exd4 Bxg2 17. Rg1 Nd3+ 18. Ke2 Nxc1+ 19. Rgxc1 Bc6 20. Nc4
f6 21. Ne3 Rd8 22. Rd1 Bxc3 23. bxc3 Bxa4 24. Rd2 Bc6 25. c4 b6 26. Ra1 Rd7 27.
Rda2 Rxd4 28. Rxa7 O-O 29. Rc7 Be4 30. Raa7 g5 31. Rg7+ Kh8 32. Rge7 Rfd8 33.
Ra2 Bd3+ 34. Kf3 Be4+ 35. Ke2 Bd3+ 36. Kf3 Be4+ 37. Ke2 1/2-1/2

[Event "17th Tilburg Interpolis it"]
[Site "Tilburg NED"]
[Date "1993.??.??"]
[Round "1.4"]
[White "Serper, Grigory"]
[Black "Razuvaev, Yuri"]
[Result "1/2-1/2"]
[WhiteElo "2575"]
[BlackElo "2560"]
[EventDate "1993.11.13"]
[PlyCount "56"]

1. c4 e5 2. g3 Nc6 3. Bg2 f5 4. e3 Nf6 5. Ne2 Be7 6. O-O O-O 7. Nbc3 Kh8 8. d3
d6 9. b3 Rb8 10. Bb2 a6 11. Qd2 Bd7 12. Rac1 Qe8 13. Nd5 Bd8 14. e4 Qg6 15. f3
h5 16. exf5 Bxf5 17. d4 h4 18. g4 Bd3 19. Rcd1 Bxe2 20. Qxe2 Nxd5 21. cxd5 Nxd4
22. Bxd4 exd4 23. Rxd4 Re8 24. Re4 Rxe4 25. fxe4 Bf6 26. Rf5 Re8 27. Qf3 Kg8
28. Qf4 Re5 1/2-1/2

[Event "17th Tilburg Interpolis it"]
[Site "Tilburg NED"]
[Date "1993.??.??"]
[Round "1.6"]
[White "Serper, Grigory"]
[Black "Razuvaev, Yuri"]
[Result "0-1"]
[WhiteElo "2575"]
[BlackElo "2560"]
[EventDate "1993.11.13"]
[PlyCount "71"]

1. c4 e5 2. g3 Nc6 3. Bg2 f5 4. e3 Nf6 5. Ne2 Be7 6. Nbc3 O-O 7. O-O Kh8 8. d3
d6 9. Rb1 Rb8 10. b4 a6 11. a4 a5 12. bxa5 Nxa5 13. Bd2 c6 14. Qc2 Be6 15. e4
fxe4 16. Nxe4 Nxe4 17. Bxe4 d5 18. cxd5 cxd5 19. Bg2 Rc8 20. Qb2 Bf6 21. Qb6
Nc6 22. Qxb7 Bf5 23. Qb5 Bg4 24. f3 Bf5 25. Rfc1 Qd6 26. Be3 d4 27. Bd2 Rb8 28.
Qc4 Qa3 29. Qxc6 Rxb1 30. Rxb1 Qxd3 31. Rb2 Qxe2 32. Bf1 Qd1 33. Qd6 Rg8 34.
Rb8 h6 35. Rxg8+ Kxg8 36. Qd5+ 0-1

[Event "17th Tilburg Interpolis it"]
[Site "Tilburg NED"]
[Date "1993.??.??"]
[Round "1.1"]
[White "Rogers, Ian"]
[Black "Van Mil, Johannes"]
[Result "0-1"]
[WhiteElo "2595"]
[BlackElo "2435"]
[EventDate "1993.11.13"]
[PlyCount "84"]

1. d4 f5 2. e4 fxe4 3. Nc3 Nf6 4. Bg5 Nc6 5. d5 Ne5 6. Qd4 Nf7 7. Bxf6 exf6 8.
Nxe4 f5 9. Nd2 Qe7+ 10. Be2 g6 11. h4 Bh6 12. h5 g5 13. Kf1 O-O 14. Qc3 g4 15.
Nb3 d6 16. Nd4 Ng5 17. Bd3 Ne4 18. Bxe4 fxe4 19. Nge2 Qf7 20. Qg3 Qxd5 21. Kg1
Bd7 22. a4 a6 23. Rd1 Rae8 24. b3 b5 25. axb5 axb5 26. b4 e3 27. f4 c5 28. bxc5
dxc5 29. Nc3 Qf7 30. Nde2 b4 31. Nd5 Bc6 32. Nxe3 Qe6 33. Nxg4 Bg7 34. Ne5 Kh8
35. h6 Bxe5 36. fxe5 Rg8 37. Rd6 Rxg3 38. Nxg3 Qg4 39. Rh3 Ba8 40. Kh2 c4 41.
e6 b3 42. cxb3 cxb3 0-1

[Event "17th Tilburg Interpolis it"]
[Site "Tilburg NED"]
[Date "1993.??.??"]
[Round "1.2"]
[White "Van Mil, Johannes"]
[Black "Rogers, Ian"]
[Result "0-1"]
[WhiteElo "2435"]
[BlackElo "2595"]
[EventDate "1993.11.13"]
[PlyCount "66"]

1. e4 c5 2. c3 b6 3. d4 Bb7 4. Bd3 Nf6 5. Qe2 e6 6. Nf3 Be7 7. e5 Nd5 8. dxc5
Bxc5 9. Ng5 Nc6 10. f4 Be7 11. Ne4 Rc8 12. O-O O-O 13. Nbd2 b5 14. Nf3 a6 15.
Kh1 Na5 16. Nfg5 h6 17. Qh5 Qe8 18. Qh3 f5 19. exf6 Nxf6 20. Nxf6+ Rxf6 21. Be3
Nc4 22. Bd4 e5 23. fxe5 Rxf1+ 24. Rxf1 Bxg5 25. Rf5 Qe6 26. b3 g6 27. bxc4 gxf5
28. Bxf5 Qxc4 29. Bh7+ Kxh7 30. Qxd7+ Kg6 31. Qxb7 Qxd4 32. Qxa6+ Kh5 33. g4+
Qxg4 0-1

[Event "17th Tilburg Interpolis it"]
[Site "Tilburg NED"]
[Date "1993.??.??"]
[Round "1.3"]
[White "Rogers, Ian"]
[Black "Van Mil, Johannes"]
[Result "1-0"]
[WhiteElo "2595"]
[BlackElo "2435"]
[EventDate "1993.11.13"]
[PlyCount "65"]

1. d4 Nf6 2. c4 g6 3. Nf3 Bg7 4. g3 O-O 5. Bg2 d5 6. cxd5 Nxd5 7. O-O Nb6 8.
Nc3 Nc6 9. d5 Na5 10. e4 c6 11. Bf4 cxd5 12. exd5 Nac4 13. Qe2 Bg4 14. h3 Bxf3
15. Bxf3 Rc8 16. Rac1 Re8 17. Rfd1 Nd6 18. Bg4 Rc4 19. h4 Rd4 20. h5 Rxd1+ 21.
Rxd1 Nbc4 22. hxg6 hxg6 23. b3 Nb6 24. Nb5 Nbc8 25. Rc1 a6 26. Nc7 Rf8 27. Qd3
Nb6 28. Qe3 Ndc8 29. Ne6 fxe6 30. Bxe6+ Kh7 31. Kg2 Rxf4 32. Rh1+ Bh6 33. Qxf4
1-0

[Event "17th Tilburg Interpolis it"]
[Site "Tilburg NED"]
[Date "1993.??.??"]
[Round "1.4"]
[White "Van Mil, Johannes"]
[Black "Rogers, Ian"]
[Result "1-0"]
[WhiteElo "2435"]
[BlackElo "2595"]
[EventDate "1993.11.13"]
[PlyCount "123"]

1. d4 g6 2. e4 Bg7 3. Nf3 c6 4. c3 d5 5. Nbd2 Bg4 6. Bd3 Nf6 7. h3 Bxf3 8. Qxf3
dxe4 9. Nxe4 Nbd7 10. O-O O-O 11. Nxf6+ Nxf6 12. Re1 Re8 13. Bg5 Qa5 14. Bd2
Qd5 15. Qe2 e6 16. Bc4 Qf5 17. Bb3 Qh5 18. Qc4 Nd5 19. Qd3 Rad8 20. Bd1 Qf5 21.
Qxf5 gxf5 22. Bf3 Nb6 23. Bg5 Rd7 24. Rad1 Rc8 25. b3 Nd5 26. Bd2 Rcd8 27. a4
a6 28. a5 Bf6 29. g3 Nc7 30. Be3 Kg7 31. Kf1 Kg6 32. Rc1 Nd5 33. Bd2 h6 34. h4
f4 35. c4 Ne7 36. Bxf4 Bxd4 37. b4 Bf6 38. Red1 Kg7 39. Rxd7 Rxd7 40. Rd1 Rxd1+
41. Bxd1 Bc3 42. Bd6 Nf5 43. Bc5 Nd4 44. f4 Nf5 45. Kf2 Kf6 46. h5 e5 47. Bg4
exf4 48. gxf4 Bd2 49. Kf3 Be1 50. Ke4 Ng3+ 51. Ke3 Nf5+ 52. Kf3 Bc3 53. Ke4
Ng3+ 54. Kd3 Be1 55. Bc8 Nxh5 56. Ke4 Bd2 57. Bxb7 Nxf4 58. Bxa6 Ne6 59. Bd6 c5
60. Bb7 cxb4 61. a6 b3 62. Be5+ 1-0

[Event "17th Tilburg Interpolis it"]
[Site "Tilburg NED"]
[Date "1993.??.??"]
[Round "1.5"]
[White "Rogers, Ian"]
[Black "Van Mil, Johannes"]
[Result "1-0"]
[WhiteElo "2595"]
[BlackElo "2435"]
[EventDate "1993.11.13"]
[PlyCount "95"]

1. e4 c5 2. Nf3 e6 3. b3 b6 4. Bb2 Bb7 5. d3 d6 6. g3 Nf6 7. Bg2 Be7 8. O-O O-O
9. Nbd2 Nc6 10. c3 d5 11. e5 Nd7 12. Qe2 a5 13. c4 d4 14. a4 Qc7 15. Rae1 Rae8
16. Nb1 Qb8 17. Bc1 Bd8 18. Bf4 Bc7 19. Na3 Qd8 20. Nb5 Bb8 21. Qd2 Ne7 22. Bg5
Bxf3 23. Bxf3 Nxe5 24. Bg2 N5g6 25. Qe2 h6 26. Bc1 Qd7 27. h4 Nc6 28. h5 Nge7
29. g4 Nb4 30. g5 hxg5 31. Bxg5 Nf5 32. Be4 f6 33. Bd2 Kh8 34. Kh1 Nh6 35. Bg6
e5 36. Qf3 f5 37. Bxh6 gxh6 38. Bxe8 Qxe8 39. Rg1 Qe7 40. Rg6 Qh4+ 41. Kg2 e4
42. Rxe4 Qh2+ 43. Kf1 Nxd3 44. Rxh6+ Kg7 45. Rg6+ Kh8 46. Re7 Nf4 47. Rh7+ Kxh7
48. Qb7+ 1-0

[Event "17th Tilburg Interpolis it"]
[Site "Tilburg NED"]
[Date "1993.??.??"]
[Round "1.6"]
[White "Van Mil, Johannes"]
[Black "Rogers, Ian"]
[Result "0-1"]
[WhiteElo "2435"]
[BlackElo "2595"]
[EventDate "1993.11.13"]
[PlyCount "112"]

1. d4 d5 2. Nf3 c6 3. e3 Bg4 4. Bd3 e6 5. Nbd2 Nd7 6. O-O f5 7. h3 Bh5 8. c4
Nh6 9. Qc2 Qf6 10. Re1 Be7 11. Be2 Bg6 12. Qb3 Rb8 13. Nf1 O-O 14. Bd2 Nf7 15.
Bb4 Rfe8 16. Bxe7 Qxe7 17. Ng3 Nd6 18. Bd3 Kh8 19. Rac1 Ne4 20. Bxe4 fxe4 21.
Ne5 Nxe5 22. dxe5 Rf8 23. Qc3 Rf7 24. b4 Rbf8 25. Rf1 Qg5 26. Ne2 Bh5 27. Nf4
Bf3 28. g3 Qh6 29. Kh2 g5 30. Nxe6 Qxe6 31. cxd5 cxd5 32. Rc2 Kg8 33. Qd4 a6
34. Rd2 Rd7 35. Rc1 Re8 36. Rc5 Qxe5 37. Rxd5 Rxd5 38. Qxd5+ Qxd5 39. Rxd5 h6
40. Rd7 Rc8 41. g4 Rc1 42. Rxb7 Rh1+ 43. Kg3 Rg1+ 44. Kh2 Rg2+ 45. Kh1 Rxg4+
46. Kh2 Rg2+ 47. Kh1 Rxf2+ 48. Kg1 Rxa2 49. Kf1 Bg2+ 50. Kg1 Bxh3 51. Re7 Bg2
52. Kh2 Bf3+ 53. Kg3 h5 54. Re5 Kf7 55. b5 axb5 56. Rxb5 Ra6 0-1

[Event "17th Tilburg Interpolis it"]
[Site "Tilburg NED"]
[Date "1993.??.??"]
[Round "1.1"]
[White "Sabalovs, Aleksandrs"]
[Black "Smyslov, Vassily"]
[Result "1-0"]
[WhiteElo "2590"]
[BlackElo "2520"]
[EventDate "1993.11.13"]
[PlyCount "57"]

1. e4 e6 2. d4 d5 3. Nc3 dxe4 4. Nxe4 Nd7 5. Nf3 Ngf6 6. Nxf6+ Nxf6 7. Bg5 Be7
8. Bc4 h6 9. Bh4 c5 10. Qe2 Qa5+ 11. c3 a6 12. d5 Nxd5 13. Bxd5 Bxh4 14. Nxh4
Qd8 15. Nf5 Qxd5 16. Nxg7+ Ke7 17. f4 Rd8 18. O-O Bd7 19. Rad1 Bb5 20. Qg4 Bd3
21. f5 c4 22. fxe6 fxe6 23. Nxe6 Rg8 24. Qh4+ Kxe6 25. Rde1+ Kd7 26. Qe7+ Kc8
27. Rf8+ Rxf8 28. Qxf8+ Kc7 29. Qxa8 1-0

[Event "17th Tilburg Interpolis it"]
[Site "Tilburg NED"]
[Date "1993.??.??"]
[Round "1.3"]
[White "Sabalovs, Aleksandrs"]
[Black "Smyslov, Vassily"]
[Result "1/2-1/2"]
[WhiteElo "2590"]
[BlackElo "2520"]
[EventDate "1993.11.13"]
[PlyCount "86"]

1. e4 c6 2. d4 d5 3. e5 Bf5 4. Nc3 e6 5. g4 Bg6 6. Nge2 h6 7. Be3 b5 8. Bg2 Nd7
9. O-O h5 10. Nf4 Qh4 11. g5 Ne7 12. Nce2 Nf5 13. Bd2 Be7 14. Bf3 Bxg5 15. Ng2
Qh3 16. Ng3 Bxd2 17. Qxd2 Nh4 18. Nxh4 Qxh4 19. a4 bxa4 20. Rxa4 Nxe5 21. Bg2
O-O 22. b3 Ng4 23. h3 Nh6 24. Ne2 Be4 25. f3 Bf5 26. Kh2 Qe7 27. Rg1 Kh8 28.
Nf4 h4 29. Bf1 Bh7 30. Nh5 Qd6+ 31. Kh1 Nf5 32. Bd3 g6 33. Qg5 Qd8 34. Nf6 Ng3+
35. Rxg3 hxg3 36. Rb4 Rg8 37. Rb7 Rg7 38. Qe5 Qa5 39. Kg2 Qd2+ 40. Kxg3 Qc1 41.
Kg2 Qd2+ 42. Kg3 Qc1 43. Kg2 Qd2+ 1/2-1/2

[Event "17th Tilburg Interpolis it"]
[Site "Tilburg NED"]
[Date "1993.??.??"]
[Round "1.4"]
[White "Smyslov, Vassily"]
[Black "Sabalovs, Aleksandrs"]
[Result "0-1"]
[WhiteElo "2520"]
[BlackElo "2590"]
[EventDate "1993.11.13"]
[PlyCount "92"]

1. e4 Nf6 2. e5 Nd5 3. d4 d6 4. Nf3 Bg4 5. c4 Nb6 6. exd6 cxd6 7. Be2 e6 8. O-O
Be7 9. h3 Bh5 10. Nc3 O-O 11. Be3 a6 12. b3 d5 13. c5 Nc8 14. b4 Nc6 15. Rb1
Bf6 16. a4 Bxf3 17. Bxf3 N8e7 18. b5 axb5 19. axb5 Na5 20. Be2 Nf5 21. Bd3 Nxd4
22. Bxd4 Bxd4 23. Bxh7+ Kxh7 24. Qxd4 Qf6 25. Qd3+ Kg8 26. Rfc1 Nc4 27. Ra1 Ne5
28. Qg3 Rxa1 29. Rxa1 Ng6 30. c6 bxc6 31. bxc6 Nf4 32. Kh2 e5 33. Ra6 Rc8 34.
Qg4 Rxc6 35. Ra8+ Kh7 36. Nd1 Qg6 37. Qh4+ Qh5 38. Qd8 Qxd1 39. Qh8+ Kg6 40.
Rg8 Ne6 41. g4 Qf3 42. Qh5+ Kf6 43. Qh4+ Ng5 44. Ra8 Qf4+ 45. Kg2 Ke6 46. Ra2
Qe4+ 0-1

[Event "17th Tilburg Interpolis it"]
[Site "Tilburg NED"]
[Date "1993.??.??"]
[Round "2.1"]
[White "Agdestein, Simen"]
[Black "Dolmatov, Sergei"]
[Result "1-0"]
[WhiteElo "2610"]
[BlackElo "2630"]
[EventDate "1993.11.13"]
[PlyCount "67"]

1. d4 Nf6 2. c4 g6 3. Nc3 Bg7 4. e4 d6 5. Bd3 O-O 6. Nge2 Nc6 7. O-O Nd7 8. Be3
e5 9. d5 Nd4 10. Rc1 c5 11. dxc6 bxc6 12. b4 f5 13. exf5 gxf5 14. Bxd4 exd4 15.
Na4 Qg5 16. f4 Qg6 17. c5 Kh8 18. Ng3 Nf6 19. Qf3 d5 20. Rfe1 Bd7 21. Re7 Rae8
22. Rce1 h5 23. Rxe8 Rxe8 24. Rxe8+ Qxe8 25. Qe2 Qb8 26. Nxh5 Qxb4 27. Nxg7
Kxg7 28. Qe7+ Kg6 29. h4 Qxa4 30. Be2 Qa3 31. h5+ Kh6 32. Qxf6+ Kh7 33. Qe7+
Kh6 34. Qd6+ 1-0

[Event "17th Tilburg Interpolis it"]
[Site "Tilburg NED"]
[Date "1993.??.??"]
[Round "2.2"]
[White "Dolmatov, Sergei"]
[Black "Agdestein, Simen"]
[Result "1-0"]
[WhiteElo "2630"]
[BlackElo "2610"]
[EventDate "1993.11.13"]
[PlyCount "187"]

1. e4 e5 2. Nf3 Nc6 3. Bb5 a6 4. Ba4 Nf6 5. O-O Be7 6. Re1 b5 7. Bb3 d6 8. c3
O-O 9. h3 Na5 10. Bc2 c5 11. d4 Qc7 12. Nbd2 cxd4 13. cxd4 Nc6 14. Nb3 a5 15.
Be3 a4 16. Nbd2 Bd7 17. Rc1 Qb7 18. Qe2 Rfe8 19. a3 g6 20. Bb1 Bf8 21. Ba2 h6
22. dxe5 Nxe5 23. Bd4 Rac8 24. Bc3 Bg7 25. Nd4 Qb6 26. Rcd1 Qa6 27. f4 Nc4 28.
Nxc4 bxc4 29. Qf3 Rc7 30. e5 dxe5 31. fxe5 Nh7 32. Qg3 Qb6 33. Kh1 Ng5 34. h4
Ne6 35. Nf3 Qb7 36. Nd2 Nc5 37. Bxc4 Be6 38. Bxe6 Rxe6 39. Qf3 Qa6 40. Ne4 Nd7
41. Nf6+ Nxf6 42. exf6 Rxf6 43. Re8+ Kh7 44. Bxf6 Bxf6 45. Ra8 Qb6 46. Rxa4
Qxb2 47. Rb4 Qc2 48. Rf4 Bg7 49. Rf1 Qa2 50. Rxf7 Rxf7 51. Qxf7 Qxa3 52. h5 Qg3
53. Qxg6+ Qxg6 54. hxg6+ Kxg6 55. Kh2 Be5+ 56. Kh3 h5 57. Rb1 Bc7 58. Rb5 Bd8
59. Rd5 Be7 60. Kg3 Bg5 61. Kf3 Bc1 62. Ke4 Bb2 63. Kf4 Bc1+ 64. Kf3 Bg5 65.
Ke4 Bc1 66. Rd1 Bb2 67. Kf4 Ba3 68. Rd3 Bc1+ 69. Ke5 Bb2+ 70. Ke4 Kg5 71. Rg3+
Kf6 72. Rb3 Bc1 73. Rb1 Ba3 74. Kf4 Bd6+ 75. Kf3 Be7 76. Re1 Bb4 77. Rd1 Kg6
78. Rd7 Ba3 79. Kg3 Kg5 80. Rg7+ Kh6 81. Ra7 Bc1 82. Ra6+ Kg5 83. Ra5+ Kg6 84.
Kh4 Bd2 85. Ra6+ Kg7 86. Kxh5 Be3 87. g4 Bd4 88. Rc6 Be3 89. Rc7+ Kf8 90. Kg6
Bd2 91. Rf7+ Ke8 92. Rf3 Bc1 93. g5 Bd2 94. Kh5 1-0

[Event "17th Tilburg Interpolis it"]
[Site "Tilburg NED"]
[Date "1993.??.??"]
[Round "2.3"]
[White "Agdestein, Simen"]
[Black "Dolmatov, Sergei"]
[Result "1/2-1/2"]
[WhiteElo "2610"]
[BlackElo "2630"]
[EventDate "1993.11.13"]
[PlyCount "103"]

1. d4 Nf6 2. c4 g6 3. g3 c6 4. Bg2 d5 5. Qb3 Bg7 6. Nc3 dxc4 7. Qxc4 O-O 8. Nf3
Be6 9. Qd3 Qc8 10. O-O Bh3 11. e4 Bxg2 12. Kxg2 Rd8 13. Bg5 Qd7 14. Rfd1 Na6
15. Qe2 Nc7 16. Rd2 Qe8 17. h3 Ne6 18. Bxf6 Bxf6 19. Rad1 Bg7 20. h4 Bh6 21.
Rc2 Rac8 22. h5 Bg7 23. hxg6 hxg6 24. e5 f5 25. Qe3 g5 26. Nxg5 Bh6 27. f4 Bxg5
28. fxg5 Qg6 29. Rf2 Nxg5 30. Rdf1 e6 31. Rf4 Rc7 32. Rh1 Rh7 33. Rxh7 Kxh7 34.
Rh4+ Kg7 35. Ne2 Rh8 36. Nf4 Qe8 37. Qe2 Rxh4 38. gxh4 Ne4 39. Kh3 Kh7 40. Qg2
Qf7 41. h5 Kh6 42. Qg6+ Qxg6 43. hxg6 c5 44. Nxe6 cxd4 45. g7 Kh7 46. Nxd4 Kxg7
47. Nxf5+ Kf7 48. Nd4 Nf2+ 49. Kg3 Nd3 50. e6+ Ke7 51. b3 Nc5 52. Kf3 1/2-1/2

[Event "17th Tilburg Interpolis it"]
[Site "Tilburg NED"]
[Date "1993.??.??"]
[Round "2.4"]
[White "Dolmatov, Sergei"]
[Black "Agdestein, Simen"]
[Result "0-1"]
[WhiteElo "2630"]
[BlackElo "2610"]
[EventDate "1993.11.13"]
[PlyCount "86"]

1. e4 e5 2. Nf3 Nc6 3. Bc4 Nf6 4. d3 Be7 5. O-O O-O 6. c3 d6 7. Bb3 Be6 8. Nbd2
Bxb3 9. Qxb3 Rb8 10. Re1 Nd7 11. Nc4 h6 12. d4 Bf6 13. Be3 exd4 14. cxd4 Nb6
15. Ncd2 d5 16. e5 Be7 17. a3 Qd7 18. Qd3 a5 19. Rad1 a4 20. Nf1 Nc4 21. Bc1 b5
22. Ng3 b4 23. Nd2 Nxd2 24. Qxd2 bxa3 25. bxa3 Rb3 26. f4 Bh4 27. Re3 Bxg3 28.
Rxg3 Rxg3 29. hxg3 Rb8 30. Qc2 Rb3 31. f5 Rxg3 32. Qf2 Rg4 33. Be3 Na5 34. Qf3
h5 35. Rf1 Nc4 36. Qh3 Qb5 37. e6 fxe6 38. fxe6 Qe8 39. Bf2 Nd2 40. Re1 Ne4 41.
Rc1 Qxe6 42. Qxh5 Nxf2 43. Kxf2 Qf6+ 0-1

[Event "17th Tilburg Interpolis it"]
[Site "Tilburg NED"]
[Date "1993.??.??"]
[Round "2.1"]
[White "Andersson, Ulf"]
[Black "Milos, Gilberto"]
[Result "1-0"]
[WhiteElo "2625"]
[BlackElo "2565"]
[EventDate "1993.11.13"]
[PlyCount "75"]

1. d4 f5 2. Nc3 d5 3. Bg5 g6 4. Nf3 Bg7 5. Qd2 c6 6. O-O-O Nd7 7. h4 Ngf6 8.
Bh6 O-O 9. Bxg7 Kxg7 10. Qf4 Nh5 11. Qd2 b5 12. e3 b4 13. Ne2 Qa5 14. Kb1 Nhf6
15. Nc1 Qb6 16. h5 Ne4 17. Qe1 g5 18. h6+ Kh8 19. Bd3 Rg8 20. Nd2 Nd6 21. f3 c5
22. dxc5 Nxc5 23. e4 dxe4 24. fxe4 f4 25. e5 Nxd3 26. Nxd3 Nf5 27. e6 Qxe6 28.
Ne4 Rb8 29. Nxb4 Rb5 30. Qc3+ Qe5 31. Nxg5 Rxg5 32. Rd8+ Rg8 33. Rxg8+ Kxg8 34.
Qxc8+ Kf7 35. Qc4+ e6 36. Nd3 Qb8 37. Re1 Rb6 38. b3 1-0

[Event "17th Tilburg Interpolis it"]
[Site "Tilburg NED"]
[Date "1993.??.??"]
[Round "2.1"]
[White "Atalik, Suat"]
[Black "Knoppert, Erik"]
[Result "1-0"]
[WhiteElo "2535"]
[BlackElo "2375"]
[EventDate "1993.11.13"]
[PlyCount "73"]

1. d4 Nf6 2. c4 c5 3. d5 b5 4. cxb5 a6 5. b6 a5 6. Nc3 Ba6 7. f4 d6 8. Nf3 Nbd7
9. e4 Bxf1 10. Rxf1 Nxb6 11. Qe2 Rb8 12. Be3 g6 13. Rd1 Bg7 14. e5 Ng4 15. Bg1
O-O 16. h3 Nh6 17. g4 Nd7 18. e6 fxe6 19. dxe6 Nb6 20. Bxc5 Bxc3+ 21. bxc3 Qc8
22. Bd4 Rxf4 23. Kf2 Nc4 24. Kg3 Rb2 25. Qd3 Qxe6 26. Kxf4 Rg2 27. Rg1 Qf7+ 28.
Kg5 Nf5 29. Rxg2 h6+ 30. Kf4 e5+ 31. Bxe5 dxe5+ 32. Nxe5 g5+ 33. Ke4 Nfd6+ 34.
Kd4 Qf4+ 35. Kc5 Nb7+ 36. Kd5 Nb6+ 37. Kc6 1-0

[Event "17th Tilburg Interpolis it"]
[Site "Tilburg NED"]
[Date "1993.??.??"]
[Round "2.2"]
[White "Knoppert, Erik"]
[Black "Atalik, Suat"]
[Result "0-1"]
[WhiteElo "2375"]
[BlackElo "2535"]
[EventDate "1993.11.13"]
[PlyCount "58"]

1. e4 c5 2. Ne2 Nc6 3. Nbc3 d6 4. g3 g6 5. Bg2 Bg7 6. O-O e6 7. d3 Nge7 8. Be3
Nd4 9. Qd2 O-O 10. Rae1 Nec6 11. Nc1 Nb4 12. Bxd4 cxd4 13. N3e2 Nc6 14. c4 dxc3
15. bxc3 b5 16. e5 Bb7 17. Qb2 Rb8 18. exd6 b4 19. d4 Qxd6 20. Rd1 Ba6 21. Rfe1
Rfc8 22. Qb3 bxc3 23. Qxc3 Nb4 24. Qa3 Qb6 25. Be4 Nc2 26. Bxc2 Rxc2 27. Nd3
Bf8 28. Qa4 Rc4 29. Qb3 Qc7 0-1

[Event "17th Tilburg Interpolis it"]
[Site "Tilburg NED"]
[Date "1993.??.??"]
[Round "2.2"]
[White "Kortschnoj, Viktor"]
[Black "Beliavsky, Alexander"]
[Result "1/2-1/2"]
[WhiteElo "2625"]
[BlackElo "2635"]
[EventDate "1993.11.13"]
[PlyCount "41"]

1. Nf3 Nf6 2. b3 g6 3. Bb2 Bg7 4. c4 c5 5. e3 O-O 6. Be2 Nc6 7. O-O d5 8. cxd5
Qxd5 9. d3 b6 10. a3 Ba6 11. b4 Qd7 12. Qa4 Bb7 13. bxc5 bxc5 14. Qc2 Rfc8 15.
Nbd2 Rab8 16. Rac1 Qe6 17. Bxf6 Bxf6 18. Qxc5 Ba6 19. e4 Qd7 20. e5 Rb5 21. Qe3
1/2-1/2

[Event "17th Tilburg Interpolis it"]
[Site "Tilburg NED"]
[Date "1993.??.??"]
[Round "2.1"]
[White "Bologan, Viorel"]
[Black "Georgiev, Kiril"]
[Result "1/2-1/2"]
[WhiteElo "2510"]
[BlackElo "2660"]
[EventDate "1993.11.13"]
[PlyCount "71"]

1. e4 e5 2. Nf3 Nc6 3. Bc4 Bc5 4. c3 Nf6 5. d3 d6 6. Nbd2 a6 7. Bb3 O-O 8. h3
Ba7 9. Nf1 Ne7 10. Ng3 Ng6 11. O-O b5 12. d4 Bb7 13. Re1 Re8 14. Bc2 d5 15.
Nxe5 Nxe4 16. Nxg6 hxg6 17. Ne2 c5 18. Be3 c4 19. a4 Bb8 20. Qc1 Bd6 21. axb5
axb5 22. Rxa8 Bxa8 23. Bf4 Bf8 24. b4 cxb3 25. Bxb3 Bc6 26. Ng3 Nxg3 27. Bxg3
Rxe1+ 28. Qxe1 Qe7 29. Qc1 Qe6 30. Qd2 Be7 31. Bd1 Bd7 32. Be2 b4 33. cxb4 Bxb4
34. Qxb4 Qxe2 35. Be5 f6 36. Bf4 1/2-1/2

[Event "17th Tilburg Interpolis it"]
[Site "Tilburg NED"]
[Date "1993.??.??"]
[Round "2.1"]
[White "Csernyin, Alexander"]
[Black "Vyzhmanavin, Alexei"]
[Result "1/2-1/2"]
[WhiteElo "2615"]
[BlackElo "2605"]
[EventDate "1993.11.13"]
[PlyCount "27"]

1. c4 f5 2. g3 Nf6 3. d4 d6 4. Nf3 g6 5. Bg2 Bg7 6. O-O O-O 7. Nc3 Qe8 8. d5 a5
9. Rb1 Na6 10. b3 Bd7 11. Bb2 c6 12. Na4 Qd8 13. dxc6 bxc6 14. c5 1/2-1/2

[Event "17th Tilburg Interpolis it"]
[Site "Tilburg NED"]
[Date "1993.??.??"]
[Round "2.3"]
[White "Csernyin, Alexander"]
[Black "Vyzhmanavin, Alexei"]
[Result "0-1"]
[WhiteElo "2615"]
[BlackElo "2605"]
[EventDate "1993.11.13"]
[PlyCount "118"]

1. c4 f5 2. d4 Nf6 3. g3 g6 4. Bg2 Bg7 5. Nf3 O-O 6. O-O d6 7. Nc3 Qe8 8. d5 a5
9. Rb1 Na6 10. b3 Bd7 11. Bb2 h6 12. Nd4 g5 13. e3 Qg6 14. a3 Rac8 15. Ba1 c6
16. Na4 c5 17. Nb5 Bxb5 18. cxb5 Nc7 19. Nb6 Rcd8 20. a4 Nd7 21. Nc4 b6 22. Qc2
Bxa1 23. Rxa1 Rb8 24. g4 Qf7 25. Qxf5 Qxf5 26. gxf5 Rxf5 27. f4 gxf4 28. exf4
Rf7 29. Rad1 Nf6 30. Rd3 Nh5 31. f5 Nf6 32. Rf4 Nce8 33. Rh4 h5 34. Rf4 Rg7 35.
Kf1 Nd7 36. Re3 Nef6 37. Bf3 Kh7 38. Kf2 Kh6 39. h4 Kh7 40. Re6 Kg8 41. Re1 Kf7
42. Rg1 Rxg1 43. Kxg1 Ne5 44. Nxe5+ dxe5 45. Rc4 Rh8 46. Kf2 Ne8 47. Rc1 Nd6
48. Rg1 e4 49. Bd1 Nxf5 50. Rg5 Kf6 51. Bc2 Nxh4 52. Rg1 Nf3 53. Rh1 Nd4 54.
Bxe4 Nxb3 55. Rg1 Rh6 56. Ke3 Nd4 57. Rg8 h4 58. Rb8 Kf7 59. Rb7 h3 0-1

[Event "17th Tilburg Interpolis it"]
[Site "Tilburg NED"]
[Date "1993.??.??"]
[Round "2.1"]
[White "Campora, Daniel Hugo"]
[Black "Kaidanov, Gregory"]
[Result "1/2-1/2"]
[WhiteElo "2540"]
[BlackElo "2640"]
[EventDate "1993.11.13"]
[PlyCount "70"]

1. e4 e5 2. Nf3 Nf6 3. Nxe5 d6 4. Nf3 Nxe4 5. d3 Nf6 6. d4 Be7 7. Bd3 Bg4 8.
O-O O-O 9. Re1 c5 10. h3 Bh5 11. d5 Nbd7 12. g4 Bg6 13. Bxg6 hxg6 14. c4 Nh7
15. Nc3 Ng5 16. Kg2 Nxf3 17. Qxf3 Ne5 18. Qe2 g5 19. f4 gxf4 20. Bxf4 Ng6 21.
Bg3 Bh4 22. Qf2 f5 23. gxf5 Bxg3 24. Qxg3 Rxf5 25. Ne4 Nh4+ 26. Kh1 Rf3 27. Qg4
Qc8 28. Qxc8+ Rxc8 29. Nxd6 Rd8 30. Nxb7 Rf2 31. Rf1 Rdf8 32. Rxf2 Rxf2 33. Kg1
Rxb2 34. Nxc5 Nf3+ 35. Kf1 Rd2 1/2-1/2

[Event "17th Tilburg Interpolis it"]
[Site "Tilburg NED"]
[Date "1993.??.??"]
[Round "2.3"]
[White "Campora, Daniel Hugo"]
[Black "Kaidanov, Gregory"]
[Result "0-1"]
[WhiteElo "2540"]
[BlackElo "2640"]
[EventDate "1993.11.13"]
[PlyCount "130"]

1. e4 Nf6 2. e5 Nd5 3. d4 d6 4. Nf3 Bg4 5. c4 Nb6 6. d5 e6 7. dxe6 fxe6 8. h3
Bh5 9. Be3 Nc6 10. exd6 cxd6 11. Nc3 Be7 12. g4 Bg6 13. h4 h6 14. h5 Bh7 15.
Bd3 Bxd3 16. Qxd3 O-O 17. Nd4 Ne5 18. Qe2 Qd7 19. g5 Bxg5 20. Bxg5 hxg5 21.
O-O-O Qf7 22. Ne4 Nbxc4 23. Kb1 d5 24. Nxg5 Qxf2 25. Ngxe6 Qxe2 26. Nxe2 Rf2
27. N6d4 Nc6 28. h6 gxh6 29. Rxh6 Nxd4 30. Rg1+ Kf7 31. Nxd4 Rxb2+ 32. Ka1 Rb6
33. Rh7+ Kf6 34. Rf1+ Ke5 35. Nb3 Rg8 36. Rh5+ Kd6 37. Rh6+ Kc7 38. Rh7+ Kb8
39. Nc5 Rb5 40. Nd7+ Kc8 41. Nf6 Rd8 42. Rd1 a6 43. a4 Ra5 44. Ka2 Rxa4+ 45.
Kb3 Ra5 46. Kc3 Ne3 47. Rg1 d4+ 48. Kd3 Nf5 49. Rc1+ Kb8 50. Nd7+ Ka7 51. Rc7
Nd6 52. Rc1 Re8 53. Nc5 Rb5 54. Kxd4 Rc8 55. Rd7 Ne4 56. Nxb7 Rb4+ 57. Ke5 Re8+
58. Kf5 Rxb7 59. Rd4 Rf7+ 60. Kg6 Rf6+ 61. Kg7 Re7+ 62. Kg8 Rb6 63. Kf8 Rbb7
64. Rf1 Ng5 65. Rd8 Ne6+ 0-1